| 000 | 00367 a2200133 4500 | ||
|---|---|---|---|
| 005 | 20250628075053.0 | ||
| 020 | _a978-1-4081-5721-3 | ||
| 082 | _a658.8 DUN | ||
| 100 | _aDUNCAN, K | ||
| 245 | _aMarketing Greatest Hits: Another Masterclass in Modern Marketing Ideas | ||
| 260 |
_aGreat Britain _bBloomsbury _c2012. |
||
| 300 |
_ax,194p. _bIndex _c19cm |
||
| 942 |
_2ddc _cBKS |
||
| 999 |
_c5846 _d5846 |
||